Tri•ography II Quiz Stats

Quiz Updated May 31, 2018

Challenge
Share
Tweet
Embed
Score 0/90 Timer 11:00
1 Play Today
Tri•ography Who Is It? % Correct
Cyclist, Champion, CancerLance Armstrong
88.2%
Bodybuilder, Terminator, GovernorArnold Schwarzenegger
86%
Swimmer, Medals, MostMichael Phelps
82.2%
Mattel, Doll, BlondeBarbie
80.3%
Wardrobe, Malfunction, SingerJanet Jackson
80.2%
Idol, Ditzy, JudgePaula Abdul
77.8%
Dead, Terrorist, FinallyOsama bin Laden
77.1%
Respect, Singer, DetroitAretha Franklin
76.7%
Pink, Kermit, LoveMiss Piggy
76.5%
Double, Oh, SevenJames Bond
72.7%
Cher, Husband, ShortSonny Bono
71.7%
Stallone, Boxer, AdrianRocky Balboa
70.3%
Archaeologist, Adventurer, WhipIndiana Jones
69.9%
Strange, Song, ParodistWeird Al Yankovic
69.6%
Her, Plus, EightKate Gosselin
68.8%
Price, Right, HostBob Barker
68.6%
Lips, Stones, SingerMick Jagger
68.1%
Tennis, Temper, TatumJohn McEnroe
67%
Long, Hair, FairytaleRapunzel
66.4%
Quarterback, Dogs, JailMichael Vick
66%
Jan, Cindy, SisterMarcia Brady
65.5%
Christmas, Carol, CrippleTiny Tim
65.2%
Prince, Kiss, AwakeSleeping Beauty
65.2%
Butt-head, Buddy, MetallicaBeavis
64.8%
Talks, To, AnimalsDr. Dolittle
64.6%
Jellystone, Hat, AnimalYogi Bear
64.5%
Barney, Betty, SonBamm-Bamm
64.3%
Jamaican, Sprinter, LightningUsain Bolt
63.6%
Lone, Ranger, SidekickTonto
61.1%
Hawaiian, Bubbles, SingerDon Ho
61%
Tri•ography Who Is It? % Correct
Purple, Haze, GuitaristJimi Hendrix
60.4%
Spangled, Banner, WriterFrancis Scott Key
60.1%
Legendary, Tree, PlanterJohnny Appleseed
59.9%
Teen, Doctor, HarrisDoogie Howser
58.9%
Crocodile, Hunter, AustralianSteve Irwin
58.4%
Bald, Superman, EnemyLex Luthor
58.3%
Chinese, Philosopher, SayingsConfucius
55.8%
Hey, Hey, HeyFat Albert
55.8%
Camelot, Guinevere, HusbandKing Arthur
55.3%
Skateboarder, Bird, ClothingTony Hawk
54.9%
Laurel, Portly, PartnerOliver Hardy
54.1%
Me, King, JungleTarzan
53.8%
Dog, Conditioning, ScientistIvan Pavlov
52.2%
Silver, Dollar, SuffragistSusan B. Anthony
52.1%
Mulder, Partner, DoctorDana Scully
51.8%
Belushi, Partner, GhostbusterDan Aykroyd
51%
Divine, Comedy, WriterDante
50.8%
Potter, Nemesis, RiddleLord Voldemort
50.3%
Spacely, Sprockets, EmployeeGeorge Jetson
49.9%
Tate, Cult, KillerCharles Manson
47.4%
Hitler, Wife, SuicideEva Braun
47.3%
Bart, Simpson, CreatorMatt Groening
46.6%
Big, Adventure, BicyclePee Wee Herman
45.4%
Greek, Fables, SlaveAesop
44.2%
Clumsy, Detective, PantherInspector Clouseau
44%
Bugs, Daffy, VoiceMel Blanc
43.4%
Polio, Vaccine, VirologistJonas Salk
43%
Gymnast, Romania, 10Nadia Comaneci
43%
Female, Skater, ThugTonya Harding
41.2%
Thor, Hulk, CreatorStan Lee
41.1%
Tri•ography Who Is It? % Correct
Go, Daddy, RacerDanica Patrick
40.5%
Kidnapped, Symbionese, HeiressPatty Hearst
40.2%
Evangelist, Wife, MakeupTammy Faye Bakker
39.1%
Heeeere's, Johnny, AnnouncerEd McMahon
37.3%
Golfer, Overweight, DrunkJohn Daly
36.8%
Nirvana, Drummer, FooDave Grohl
36.2%
Forty, Whacks, AxeLizzie Borden
35.7%
Say, Hey, KidWillie Mays
35.6%
Exorcist, Actress, VomitLinda Blair
34.7%
Knife, Husband, PrivatesLorena Bobbitt
34.5%
Diver, HIV, HeadGreg Louganis
33.5%
Odd, Couple, NeatnikFelix Unger
33.4%
Dollar, Tik, TokKe$ha
32.9%
Fantastic, Four, FlamerHuman Torch
32.7%
Red, Cross, FounderClara Barton
32.1%
Charles, Wife, SecondCamilla Parker Bowles
32.1%
Scream, Painter, NorwegianEdvard Munch
31.5%
Beard, Scythe, HourglassFather Time
30.9%
Basketball, Inventor, CoachJames Naismith
30.4%
Hitchhiker, Galaxy, AuthorDouglas Adams
30.3%
Republican, Politician, SalamanderNewt Gingrich
30.1%
Crack, Mayor, WashingtonMarion Barry
29.1%
Existential, Metamorphosis, AuthorFranz Kafka
28.8%
Baseball, Inventor, NotAbner Doubleday
28.7%
Branch, Davidian, WacoDavid Koresh
25.7%
Simpson, Murder, Houseguest Kato Kaelin
25.7%
Dyn!, O!, Mite!J.J. Evans
25.1%
Nightline, Large, HeadTed Koppel
24.8%
Mute, Horn, ComedyHarpo Marx
22.5%
Cabot, Cove, SleuthJessica Fletcher
19.7%

You're not logged in!

Compare scores with friends on all Sporcle quizzes.
Join for Free
OR
Log In

You Might Also Like...

Show Comments

Extras

Top Quizzes Today


Score Distribution

Your Account Isn't Verified!

In order to create a playlist on Sporcle, you need to verify the email address you used during registration. Go to your Sporcle Settings to finish the process.

Report this User

Report this user for behavior that violates our Community Guidelines.

Details: